LEADER 01205nam a2200265 u 4500 001 000000031605 003 CaOOAMICUS 005 20070226112147.0 008 971006s1980 it u000 u ita u 035 $a10771614 040 $aPUL$bita 130 0 $aBiblia.$pN.T.$pItaliano.$kGruppi, scelte.$0(OLS)http://pul/title/43467 245 13$aLe lettere minori di Paolo /$ccommento di Hermann W. Beyer ... [et al.] ; traduzione italiana di Gianfranco Forza ; edizione italiana a cura di Giovanni Odasso. 260 $aBrescia :$bPaideia,$c1980. 300 $a385 p. ;$c21 cm 490 1 $aNuovo Testamento ;$v8 700 1 $aBeyer, Hermann Wolfgang,$d1898-1942.$0(OLS)http://pul/name/25206 700 1 $aOdasso, Giovanni.$0(OLS)http://pul/name/19417 700 1 $aForza, Gianfranco.$0(OLS)http://pul/name/25203 830 0$aNuovo Testamento (Paideia) ;$v8.$0(OLS)http://pul/title/37005 850 $aPUL 852 $aPUL$W1$xSL Religione 1$y3$m1(7) M 15$j43635$nBK-PRI$b $qStampati$B43635$CPULBib$Z2$F43635 $H $81 941 1 $a8 996 $6245$aLe lettere minori di Paolo$9(OLS)http://pul/title/43468 996 $6260$aBrescia :$bPaideia$9(OLS)http://pul/publisher/47884 LEADER 01134nam a2200277 u 4500 001 000000038267 003 CaOOAMICUS 005 20070226113846.0 008 980422m19371938be u000 u fre u 035 $a10791559 040 $aPUL(R)$bita 110 1 $aBelgio.$0(OLS)http://pul/name/28587 240 10$aLeggi, ecc.$9(Belgio).$0(OLS)http://pul/title/52001 245 10$aCode administratif /$cpar Joseph Delpech .. 260 $aParis :$bRecueil Sirey,$c1937-1938. 300 $a2 v. ;$c17 cm 500 $aContiene indici. 500 $aPaginazione continua. 650 4$aDiritto amministrativo$zBelgio.$0(OLS)http://pul/subject/18059 700 1 $aDelpech, Joseph.$0(OLS)http://pul/name/28592 850 $aPUL 852 $aPUL$W1$xDP2 Diritto e Scienze Sociali 1$y65$m170 E 9-10$j52170$nBK-PRI$qStampati$B52170$CPULBib$Z2$F52170 $82 852 $aPUL$W1$xDP2 Diritto e Scienze Sociali 1$y65$m170 E 9-10$j52170$nBK-PRI$qStampati$B52171$CPULBib$Z2$F52171 $82 941 1 $a8 996 $6245$aCode administratif$9(OLS)http://pul/title/52005 996 $6260$aParis :$bRecueil Sirey$9(OLS)http://pul/publisher/48781 LEADER 01188nam a2200265 a 4500 001 000000163483 003 CaOOAMICUS 005 20171018182015.0 008 171018s1994 it m u000 u ita r 032 $aLibriCat 040 $aPUL$bita 100 1 $aParenti, Stefano,$d1959-$0(OLS)http://pul/name/23285 245 02$aL'Eucologio manoscritto G.b.IV (X sec.) della Biblioteca di Grottaferrata. Edizione / $cSantiago Fernandez Ardanaz. 260 $aRoma :$b[s.n.],$c1990. 300 $axxxiii, 74 p. ;$c24 cm. 502 $aEstratto di Tesi. Pontificio Istituto Orientale. 1993. 504 $aBibliografia in nota a pič pagina. 650 04$aLiturgia bizantina.$0(OLS)http://pul/subject/12719 710 2 $aPontificio Istituto Orientale.$kTesi.$0(OLS)http://pul/name/104919 850 $aPUL 852 $aPUL$W1$xDP1 Tesi Pon. Ist. Orientale$y39$mTH ORIE 160$j187615$qTesi$B190718$CPULBib$Z2$F190718 $H73552 $82 941 1 $a16 996 $6245$aL'Eucologio manoscritto G.b.IV (X sec.) della Biblioteca di Grottaferrata. Edizione / $9(OLS)http://pul/title/203194 996 $6260$aRoma :$b[s.n.]$9(OLS)http://pul/publisher/47958